| 000 | 00389 a2200109 4500 | ||
|---|---|---|---|
| 001 | ART_46688 | ||
| 005 | 20260410162040.0 | ||
| 008 | 260409a | ||
| 245 | 1 | 0 | _aAnálisis de las transiciones entre la formalidad y la informalidad en el mercado de trabajo ecuatoriano |
| 100 | 1 | _aVega Nuñez, Adriana Patricia | |
| 773 | 0 |
_tRevista Cepal _g- Nº 123 (dic. 2017) _wREV45125 |
|
| 999 |
_c34765 _d34765 |
||